ბათუმის შოთა რუსთაველის სახელმწიფო უნივერსიტეტის ბიბლიოთეკა

Таблицы круговых и гиперболических синусов и косинусов в радианной мере угла=Tables of circular and hyperbolik silves and cosines. (ბიბ.ჩანაწერი № 50763)

000 -LEADER
fixed length control field 01033nam a2200217Ia 4500
001 - CONTROL NUMBER
control field 17715
003 - CONTROL NUMBER IDENTIFIER
control field GE_BSU
008 - FIXED-LENGTH DATA ELEMENTS--GENERAL INFORMATION
fixed length control field 181216s||||||||xx |||||||||||||| ||und||
040 ## - CATALOGING SOURCE
Transcribing agency GE_BSU
080 ## - UNIVERSAL DECIMAL CLASSIFICATION NUMBER
Universal Decimal Classification number 514(035.5)
245 ## - TITLE STATEMENT
Title Таблицы круговых и гиперболических синусов и косинусов в радианной мере угла=Tables of circular and hyperbolik silves and cosines.
245 ## - TITLE STATEMENT
Statement of responsibility, etc. Под ред. К.А.Карпова, ред. А.А.Логинова.
250 ## - EDITION STATEMENT
Edition statement Перев. с англиского Г.В.Забановой, Л.А.Филимоновой. Изд. 2-е, стереотип.
260 ## - PUBLICATION, DISTRIBUTION, ETC.
Place of publication, distribution, etc. М.
260 ## - PUBLICATION, DISTRIBUTION, ETC.
Name of publisher, distributor, etc. Вычислительный центр.
260 ## - PUBLICATION, DISTRIBUTION, ETC.
Date of publication, distribution, etc. 1969.
300 ## - PHYSICAL DESCRIPTION
Extent 404 стр. 26 см.
300 ## - PHYSICAL DESCRIPTION
Accompanying material Табл.
653 ## - INDEX TERM--UNCONTROLLED
Uncontrolled term Таблицы круговых и гиперболических синусов и косинусов в радианной мере угла=Tables of circular and hyperbolik silves and cosines.
942 ## - ADDED ENTRY ELEMENTS (KOHA)
Koha item type წიგნი
ეგზემპლარები
Withdrawn status Lost status Damaged status Not for loan Date acquired Barcode Date last seen Price effective from Koha item type
        2018-12-17 10387 2018-12-17 2018-12-17 წიგნი